Statistics for Super Mario Odyssey Kingdoms Quiz

Click here to take the quiz!

General Stats

  • This quiz has been taken 54 times
  • The average score is 16 of 17

Answer Stats

NumberKingdomCategory% Correct
2Cap KingdomMinor
100%
4Sand KingdomMajor
100%
3Cascade KingdomMinor
98%
6Lake KingdomMinor
98%
16Dark SideMini
95%
12Luncheon KingdomMajor
95%
9Metro KingdomMajor
95%
15Moon KingdomMinor
95%
1Mushroom KingdomMajor
95%
5Wooded KingdomMajor
95%
17Darker SideMini
93%
7Cloud KingdomMini
90%
8Lost KingdomMinor
90%
13Ruined KingdomMini
90%
11Seaside KingdomMajor
90%
10Snow KingdomMinor
90%
14Bowser's KingdomMajor
88%

Score Distribution

Percentile by Number Answered

Percent of People with Each Score

Your Score History

You have not taken this quiz